000 00614nam a2200229Ia 4500
003 OSt
005 20220918225012.0
006 a|||||r|||| 00| 0
007 ta
008 220917b |||||||| |||| 00| 0 eng d
024 _a236,013
037 _cTextual
040 _aARTS
_cARTS
_beng
041 _2eng
_aeng
082 _aV1:19:N4, K2.1;1
100 _aGupta Dharam Chand
245 0 _aInternational affairs
260 _aDelhi
_bMetrorpolitan Book Company (P) Ltd .
_c1962
650 _aHISTORY
942 _hV1:19:N4, K2.1;1
_cTEXL
_2CC
999 _c283016
_d283016